000 00529nam a2200193Ia 4500
008 240729s9999 xx 000 0 und d
022 _a1948-6596
245 0 _aFrontiers of Biogeography
260 _aUnited States
260 _bInternational Biogeography Society
650 _a Biology (General)
650 _a Ecology | Science
650 _a Microbial ecology
650 _a Microbiology
650 _aScience
856 _uhttps://doaj.org/toc/13ed309712064087b87d1106539f87d3
942 _2ddc
942 _cDOAJEJ
999 _c71010
_d71010
945 _a1
_bMadushi Gamage
_c1
_dMadushi Gamage